Thunlai Bijirnai / (Record no. 149)
[ view plain ]
| 000 -LEADER | |
|---|---|
| fixed length control field | 00823nam a2200313Ia 4500 |
| 001 - CONTROL NUMBER | |
| control field | 149 |
| 005 - DATE AND TIME OF LATEST TRANSACTION | |
| control field | 20240113233357.0 |
| 007 - PHYSICAL DESCRIPTION FIXED FIELD--GENERAL INFORMATION | |
| fixed length control field | ta |
| 008 - FIXED-LENGTH DATA ELEMENTS--GENERAL INFORMATION | |
| fixed length control field | 050104s1994 g b000 u bod u |
| 040 ## - CATALOGING SOURCE | |
| Original cataloging agency | Cotton College,Assam |
| 041 ## - LANGUAGE CODE | |
| Language code of text/sound track or separate title | bod |
| 082 ## - DEWEY DECIMAL CLASSIFICATION NUMBER | |
| Classification number | 891.49 B |
| Item number | Ba 29 Th |
| 100 ## - MAIN ENTRY--PERSONAL NAME | |
| Personal name | Basumatary, Rakhao . |
| 245 #0 - TITLE STATEMENT | |
| Title | Thunlai Bijirnai / |
| Statement of responsibility, etc. | Rakhao Basumatary. |
| Medium | Textual Documents |
| 250 ## - EDITION STATEMENT | |
| Edition statement | 1st / |
| 260 ## - PUBLICATION, DISTRIBUTION, ETC. | |
| Place of publication, distribution, etc. | Kokrajhar : |
| Name of publisher, distributor, etc. | Bodo publication board , |
| Date of publication, distribution, etc. | 1994. |
| 300 ## - PHYSICAL DESCRIPTION | |
| Extent | 257p ; |
| Dimensions | 22cm. |
| 500 ## - GENERAL NOTE | |
| General note | This book is in bodo language Issued to the Deptt Bodo Acc No-89838 |
| 653 ## - INDEX TERM--UNCONTROLLED | |
| Uncontrolled term | Bodo literature |
| 653 ## - INDEX TERM--UNCONTROLLED | |
| Uncontrolled term | Gen-Bodo |
| 942 ## - ADDED ENTRY ELEMENTS (KOHA) | |
| Source of classification or shelving scheme | Dewey Decimal Classification |
| Koha item type | Books |
| Withdrawn status | Lost status | Damaged status | Not for loan | Collection | Home library | Current library | Date acquired | Coded location qualifier | Total checkouts | Total renewals | Full call number | Barcode | Date last seen | Date last checked out | Copy number | Price effective from | Koha item type |
|---|---|---|---|---|---|---|---|---|---|---|---|---|---|---|---|---|---|
| Dr. Suryya Kumar Bhuyan Library | Dr. Suryya Kumar Bhuyan Library | 01/02/2012 | 00000 | 1 | 1 | 891.49 B Ba 29 Th | 89840 | 04/02/2025 | 03/12/2024 | 4 | 01/02/2012 | Books | |||||
| Dr. Suryya Kumar Bhuyan Library | Dr. Suryya Kumar Bhuyan Library | 01/02/2012 | 00000 | 891.49 B Ba 29 Th | 067/Bodo | 13/01/2024 | 1 | 01/02/2012 | Books | ||||||||
| Dr. Suryya Kumar Bhuyan Library | Dr. Suryya Kumar Bhuyan Library | 01/02/2012 | 00000 | 891.49 B Ba 29 Th | 068/Bodo | 13/01/2024 | 2 | 01/02/2012 | Books | ||||||||
| Dr. Suryya Kumar Bhuyan Library | Dr. Suryya Kumar Bhuyan Library | 01/02/2012 | 00000 | 891.49 B Ba 29 Th | 072/Bodo | 13/01/2024 | 3 | 01/02/2012 | Books | ||||||||
| Dr. Suryya Kumar Bhuyan Library | Dr. Suryya Kumar Bhuyan Library | 01/02/2012 | 00000 | 891.49 B Ba 29 Th | 89838 | 13/01/2024 | 6 | 01/02/2012 | Books | ||||||||
| Dr. Suryya Kumar Bhuyan Library | Dr. Suryya Kumar Bhuyan Library | 01/02/2012 | 00000 | 891.49 B Ba 29 Th | 89839 | 13/01/2024 | 5 | 01/02/2012 | Books |
